Statistiques concernant Clubs ayant participé à la première Ligue des Champions

Cliquez ici pour prendre le quiz!

Statistiques générales

  • Ce quiz a été pris 157 fois
  • Le résultat moyen est 4 sur 16

Statistiques - réponses

Club% Correct
EspagneReal Madrid
89%
FranceStade de Reims
67%
ItalieAC Milan
60%
Pays-BasPSV Eindhoven
47%
BelgiqueRSC Anderlecht
36%
PologneGwardia Varsovie
24%
AutricheRapid Vienne
24%
HongrieBudapest Vörös Lobogó SE
20%
PortugalSporting Portugal
19%
SuisseServette FC
11%
YougoslaviePartizan Belgrade
10%
ÉcosseHibernian FC
4%
DanemarkAGF Århus
2%
AllemagneRot-Weiss Essen
1%
SuèdeDjurgårdens IF
0%
AllemagneFC Sarrebruck
0%

Distribution des résultats

Percentile par nombre de réponses

% des personnes avec chaque résultat

Votre développement - résultats

Vous n’avez pas pris ce quiz